000
00224nam a2200097Ia 4500
008
220204s9999 xx 000 0 und d
082
_a
82-3
_b
COL
100
_a
Coleman, Lonnie
245
0
_a
Look away Beeulah land
942
_c
BK
999
_c
35178
_d
35178